Normal view
MARC view
Entry Personal Name
001 - CONTROL NUMBER
- control field: 40057
003 - CONTROL NUMBER IDENTIFIER
- control field: dpl
005 - DATE AND TIME OF LATEST TRANSACTION
- control field: 20120124123619.0
008 - FIXED-LENGTH DATA ELEMENTS
- fixed length control field: 120124|||a|||||| | ||| d
040 ## - CATALOGING SOURCE
- Original cataloging agency: dpl
- Transcribing agency: dpl
100 ## - HEADING--PERSONAL NAME
- Personal name: गुप्ता, आर
670 ## - SOURCE DATA FOUND
- Source citation: Work cat.: (dpl)7932: गुप्ता, आर, राष्ट्रीय रक्षा अकादमी(एन.डी.ए.):गणित, व.अ.
670 ## - SOURCE DATA FOUND
- Source citation: Work cat.: (dpl)7932: गुप्ता, आर, राष्ट्रीय रक्षा अकादमी(एन.डी.ए.):गणित, व.अ.
